| 000 | 00493nam a2200145 4500 | ||
|---|---|---|---|
| 008 | 160706b xxu||||| |||| 00| 0 eng d | ||
| 020 | _a9966226028 | ||
| 050 | _aRA 643.86 .A35W36 2007 | ||
| 100 |
_aWanjala, Leah Njambi _d2007 |
||
| 245 |
_aHIV AND AIDS the pandemic/ _cLeah Njambi Wanjala |
||
| 260 |
_aNairobi : _bThe Jomo Kenyatta Foundation, _c2007 |
||
| 300 |
_ax, 128p. : _bill; _c25cm. |
||
| 650 | _aHIV and AIDS. | ||
| 942 |
_2lcc _cAFRICANA _hRA 643.86 .A35W36 2007 _07 |
||
| 999 |
_c11328 _d11328 |
||